| 000 | 00857nam a2200217 a 4500 | ||
|---|---|---|---|
| 001 | BRCA_2107 | ||
| 005 | 20190320203654.0 | ||
| 008 | 110808s1991----mx-a---###---#000-0#spa-# | ||
| 050 | 4 |
_aF1391.P8 _b.L43 49 _c1991 |
|
| 100 | 1 |
_aCastillo Rojas, Alma Yolanda _96388 |
|
| 245 | 1 | 0 |
_aEl carnaval en los barrios de Puebla _bel carnaval de Xonaca _cAlma Yolanda Castillo Rojas, Ambrosio Javier Luna Reyes. |
| 260 |
_aPuebla, México _bGobierno del Estado de Puebla : Secretaría de Cultura : Comisión Puebla V Centenario _c1991 |
||
| 300 |
_a23 p. _bil. _c21 cm. |
||
| 440 | 0 |
_aLecturas Históricas de Puebla _n49 _96389 |
|
| 504 | _aBibliografía : p. 21-23 | ||
| 651 | 4 |
_aPuebla (México) _xHistoria _9409 |
|
| 651 | 4 |
_aPuebla (México) _xVida social y costumbres _9408 |
|
| 653 | 0 | _aVida cotidiana | |
| 700 | 1 |
_aLuna Reyes, Ambrosio Javier _96390 |
|
| 942 |
_2lcc _cB |
||
| 999 |
_c1864 _d1864 |
||